| 000 | 02721cam a2200385 i 4500 | ||
|---|---|---|---|
| 001 | on1537965717 | ||
| 003 | EG-ScBUE | ||
| 005 | 20260407102906.0 | ||
| 008 | 250609t2026 nyua f b 001 0 eng d | ||
| 020 | _a9781032853697 | ||
| 035 | _a(OCoLC)1537965717 | ||
| 040 |
_aDLC _beng _erda _cDLC _dOCLCO _dIG# _dYDX _dEG-ScBUE |
||
| 082 | 0 | 4 |
_a777.9 _222 _bVES |
| 245 | 0 | 4 |
_aThe VES handbook of visual effects : _bindustry standard VFX practices and procedures / _cedited by Jeffrey A. Okun, VES, Susan Zwerman, VES, Susan Thurmond O'Neal. |
| 246 | 3 | 0 | _aVisual Effects Society handbook of visual effects |
| 250 | _aFourth edition. | ||
| 264 | 1 |
_aNew York : _bRoutledge, Taylor & Francis Group, _c[2026] |
|
| 264 | 4 | _c©2026 | |
| 300 |
_axxix, 847 pages : _billustrations (chiefly color) ; _c26 cm |
||
| 336 |
_atext _btxt _2rdacontent |
||
| 337 |
_aunmediated _bn _2rdamedia |
||
| 338 |
_avolume _bnc _2rdacarrier |
||
| 500 | _aFirst edition published by Focal Press 2010. Third edition published by Routledge 2021. | ||
| 504 | _aIncludes bibliographical references and index. | ||
| 520 | _a"The award-winning VES Handbook of Visual Effects remains the most comprehensive guide to visual effects techniques and best practices available. This edition has been updated to the latest industry techniques, technologies, and workflows. The Visual Effects Society's (VES) original authors have updated their areas of expertise, including AR/VR, AI, Color Management, Cameras, VFX Editorial, Digital Intermediate processes, interactive games, and full animation. These 95 experts share their best methods, tips, tricks, and shortcuts developed through decades of trial-and- error and real-world, hands-on experience. This Fourth Edition is updated to include and reflect the evolving and expanded techniques, and adds new sections including evolving technologies such as AI and virtual production. A must-have for anyone working in or aspiring to work in visual effects, The VES Handbook of Visual Effects, Fourth Edition, covers essential techniques and solutions for all VFX artists, producers, and supervisors. With subjects and techniques clearly and definitively presented in beautiful four-color, this handbook is a vital resource for any serious visual effects artist"-- Provided by publisher. | ||
| 650 | 7 |
_aCinematography _xSpecial effects _vHandbooks, manuals, etc. _2BUEsh |
|
| 650 | 7 |
_aDigital video _vHandbooks, manuals, etc. _2BUEsh |
|
| 650 | 7 |
_aDigital cinematography _vHandbooks, manuals, etc. _2BUEsh |
|
| 653 |
_cApril2026 _bART |
||
| 655 | _vReading book | ||
| 700 | 1 |
_aOkun, Jeffrey A., _eeditor. |
|
| 700 | 1 |
_aZwerman, Susan, _eeditor. |
|
| 700 | 1 |
_aThurmond O'Neal, Susan, _eeditor. |
|
| 942 |
_2ddc _cBB |
||
| 999 |
_c31181 _d31152 |
||